00539nam a2200193 a 4500001001300000003000900013005001700022008004100039020001000080082001600090100002700106245006800133260002900201300000800230500003500238505002600273650001900299700002700318nice12345678IN_TiNIC20260116011639.0050524s1912 dela grp 000 0 urd  ac0.500a297.4bHAF1 aHafizullah, Mohd Hafiz aBadi Sawaaneh Umri (life and Works of Khwaja Moinuddin Chishti) aDelhibAfzal Pressc1912 a84p aincludes index and biblioraphy2 aworld christian books aSufism-Chishti1 aHafizullah, Mohd Hafiz